000 00835nam a22002651 4500
001 16117
003 BD-RjUL
005 20211208235945.0
008 140211s1951 nyn 001 0 eng
035 _a(BD-RjUL)16172
040 _aDLC
_cTxShA
_dBD-RjUL
_beng
041 _aeng
082 _a658.409
_bSCT 1951
100 1 _aSchell, Erwin Haskell
_d1889-1965.
_949889
245 1 0 _aTechnique of administration :
_badministrative proficiency in business /
_cErwin Haskell Schell
250 _a2d ed.
260 _aNew York :
_bMcGraw-Hill,
_cc1951.
300 _axii, 363 p. ;
_c20 cm.
500 _aFirst ed. published in 1936 under title: Administrative proficiency in business.
504 _aIncludes indexes.
650 0 _aExecutive ability.
_949890
650 0 _aBusiness.
_949891
942 _2ddc
_cBK
999 _c16117
_d16117